When Did They Live? #12 - Statistics

General Stats
  • This quiz has been taken 66 times
  • The average score is 7 of 10
Answer Stats
Name Description Answer % Correct
Robert E. Lee General 1807–1870
92%
Hồ Chí Minh President 1890–1969
90%
Billy the Kid Outlaw 1859–1881
83%
Galileo Galilei Astronomer 1564–1642
82%
Genghis Khan Khan 1162–1227
67%
Auguste Rodin Sculptor 1840–1917
67%
Carl von Linné Biologist 1707–1778
63%
Leonhard Euler Mathematician 1707–1783
52%
Democritus Philosopher 460–370 BC
38%
Hammurabi King 1810–1750 BC
22%
No matching quizzes found
Score Distribution
Percent of People with Each Score
Percentile by Number Answered
Your Score History
You have not taken this quiz